[Event "Dulles Cherry Blossom op"]
[Site "Dulles"]
[Date "2022.05.29"]
[Round "7"]
[White "Haldankar, Ameya"]
[Black "Doraszelski, Alexander"]
[Result "1/2-1/2"]
[WhiteElo "1687"]
[BlackElo "1887"]
[PlyCount "60"]
[EventDate "2022.05.26"]
[EventType "swiss"]
[EventRounds "9"]
[EventCountry "USA"]
[SourceTitle "CBM 208 Extra"]
[Source "ChessBase"]
[SourceDate "2022.07.31"]
[SourceVersion "1"]
[SourceVersionDate "2022.07.31"]
[SourceQuality "1"]

1. d4 d5 2. c4 e6 3. Nc3 c5 4. cxd5 exd5 5. Nf3 Nc6 6. g3 Nf6 7. Bg2 Be7 8. 0-0 0-0 9. dxc5 Bxc5 10. Bg5 d4 11. Bxf6 Qxf6 12. Ne4 Qe7 13. Nxc5 Qxc5 14. Qd2 Bg4 15. Rfd1 Rad8 16. Qf4 Be6 17. Rd2 Rd7 18. b3 h6 19. h4 a5 20. Rad1 Rfd8 21. Ne1 Nb4 22. Nd3 Nxd3 23. Rxd3 b5 24. Rc1 Qb4 25. Qd2 Qa3 26. Rd1 Bf5 27. Rf3 Be6 28. Rd3 Bf5 29. Rf3 Be6 30. Rd3 Kf8 1/2-1/2